Endemic bird areas of the world : (Registro nro. 580)
[ vista simple ]
| 000 -CABECERA | |
|---|---|
| Campo de control | 01112cam a2200289 a 4500 |
| 005 - FECHA Y HORA DE LA ULTIMA TRANSACCION | |
| Campo de control | 20200104041512.0 |
| 008 - ELEMENTOS DE LONGITUD FIJA—INFORMACION GENERAL | |
| Campo de control | 980505s1998 enkab b 001 0 eng |
| 020 ## - ISBN | |
| ISBN | 1560985747 |
| 040 ## - FUENTE DE CATALOGACIÓN | |
| Agencia catalogadora original | DLC |
| Agencia transcriptora | DLC |
| Agencia Modificadora | CO-BoIAVH |
| 041 ## - IDIOMA | |
| Código de idioma para texto/pista de sonido o título separado | Inglés |
| 044 ## - PAÍS DE PUBLICACIÓN | |
| País de publicación | |
| 082 04 - NUMERO DE CLASIFICACION DECIMAL DEWEY | |
| Número de clasificación | 333.95816 |
| Número del ítem | S79e |
| 100 1# - ASIENTO PRINCIPAL--NOMBRE PERSONAL | |
| Nombre personal | Stattersfield, Alison J. |
| 9 (RLIN) | 14299 |
| 245 10 - MENCION DE TITULO | |
| Título | Endemic bird areas of the world : |
| Parte restante del título | priorities for biodiversity conservation / |
| Mención de responsabilidad | Alison J. Stattersfield y (otros tres autores) ; maps by Andrew P. Rayner. |
| 260 ## - PUBLICACION, DISTRIBUCION, ETC. (PIE DE IMPRENTA) | |
| Lugar de publicación, distribución, etc. | Cambridge, UK : |
| Nombre del editor, distribuidor, etc. | BirdLife International, |
| Fecha de publicación, distribución, etc. | c1998. |
| 300 ## - DESCRIPCION FISICA | |
| Extensión | 846 p. : |
| Otros detalles físicos | ilustraciones y mapas ; |
| Dimensiones | 25 cm. |
| 490 00 - MENCION DE SERIE | |
| Mención de serie | Birdlife conservation series ; |
| Designación numérica/secuencial del volumen | 7 |
| 504 ## - NOTA DE BIBLIOGRAFIA, ETC. | |
| Nota de bibliografía | Incluye referencias bibliográficas e índice. |
| 650 14 - ASIENTO SECUNDARIO DE MATERIA - TERMINO TEMATICO | |
| Término temático o nombre geográfico como elemento de entrada | Aves |
| Subdivisión general | Conservación |
| 9 (RLIN) | 49481 |
| 650 24 - ASIENTO SECUNDARIO DE MATERIA - TERMINO TEMATICO | |
| Término temático o nombre geográfico como elemento de entrada | Conservación biológica |
| 9 (RLIN) | 98 |
| 650 24 - ASIENTO SECUNDARIO DE MATERIA - TERMINO TEMATICO | |
| Término temático o nombre geográfico como elemento de entrada | Áreas de conservación de recursos naturales |
| 9 (RLIN) | 49483 |
| 650 24 - ASIENTO SECUNDARIO DE MATERIA - TERMINO TEMATICO | |
| Término temático o nombre geográfico como elemento de entrada | Conservación de especies |
| 9 (RLIN) | 49484 |
| 650 24 - ASIENTO SECUNDARIO DE MATERIA - TERMINO TEMATICO | |
| Término temático o nombre geográfico como elemento de entrada | Conservación de la vida silvestre |
| 9 (RLIN) | 158 |
| 650 24 - ASIENTO SECUNDARIO DE MATERIA - TERMINO TEMATICO | |
| Término temático o nombre geográfico como elemento de entrada | Conservación del hábitat |
| 9 (RLIN) | 49486 |
| 710 2# - ASIENTO SECUNDARIO - NOMBRE CORPORATIVO | |
| Nombre corporativo o de jurisdicción como elemento de entrada | BirdLife International. |
| 9 (RLIN) | 49487 |
| 942 ## - ELEMENTOS ADICIONALES (KOHA) | |
| Sistema de clasificación | Dewey Decimal Classification |
| Tipo de ítem | Libro |
| Withdrawn status | Lost status | Sistema de Clasificación | Damaged status | No para préstamo | Colección | Inventariado | Ubicación Permanente | Ubicación actual | Fecha de adquisición | Fuente de Valor | Valor | Total Checkouts | Número topográfico | Inventario / Código de Barras | Date last seen | Ejemplar | Price effective from | Forma de adquisición | Tipo de material |
|---|---|---|---|---|---|---|---|---|---|---|---|---|---|---|---|---|---|---|---|
| Dewey Decimal Classification | General | Inventariado 2017 | Bogotá | Bogotá | 22/01/1998 | Instituto | 39000.00 | LB-333.95816 S79e | 002698 | 04/12/2012 | Ej. 1 | 04/12/2012 | Libro |